000 00432nam a22001577a 4500
003 OSt
008 240125b |||||||| |||| 00| 0 eng d
041 _aeng
082 _a664.07
_bJOS/SE
100 _aJoshi, V. K
_9404
245 _aSensory science : principles and applications in food evaluation /
260 _aUdaipur :
_bAgrotech Publishing Academy
_c2006.
300 _a600p.
650 _aFood evaluation
_95781
942 _cBK
999 _c18069
_d18069